000 00532nam a2200193Ia 4500
005 20250326142846.0
008 250326s9999 xx 000 0 und d
020 _a0-07-212254-4
037 _aTextbook
040 _aFMSL
_beng
_cFMSL
041 _aeng
_2eng
084 _aX:8obD658(2:55) P0
_qFMSL
100 _aGhosh J
_9746752
245 0 _aSAP project management
_cGhosh J
260 _aUSA
_bUSA, McGraw-Hill
_c2000
300 _axx,523
942 _cTB
_hX:8obD658(2:55) P0
999 _c1296976
_d1296976